Investigation of spatial composition of front-page layout focus on : New Straits Times newspaper /
Saved in:
| 主要作者: | |
|---|---|
| 格式: | Thesis 圖書 |
| 語言: | English |
| 主題: | |
| 標簽: |
添加標簽
沒有標簽, 成為第一個標記此記錄!
|
| LEADER | 01063cam a2200289 i 4500 | ||
|---|---|---|---|
| 001 | u1005586 | ||
| 003 | SIRSI | ||
| 005 | 201410161725 | ||
| 008 | 141016s2014 my a t 000 0 eng m | ||
| 040 | |a UMM |e rda | ||
| 090 | |a N7428 |b UM 2014 Bar | ||
| 100 | 1 | |a Barabadi, Mohsen, |e author | |
| 245 | 1 | 0 | |a Investigation of spatial composition of front-page layout focus on : |b New Straits Times newspaper / |c Mohsen Barabadi. |
| 264 | 1 | |c 2014 | |
| 264 | 4 | |c 2014 | |
| 300 | |a x, 138 leaves : |b illustrations ; |c 30 cm | ||
| 336 | |a text |2 rdacontent | ||
| 337 | |a unmediated |2 rdamedia | ||
| 338 | |a volume |2 rdacarrier | ||
| 502 | |b M.A.(Vis. Arts) |c Pusat Kebudayaan, Universiti Malaya, |d 2014. | ||
| 504 | |a Bibliography: leaves 137-138 | ||
| 610 | 2 | |a New Straits Times Press (Malaysia) Bhd. | |
| 650 | 0 | |a English newspapers. | |
| 710 | 2 | |a Universiti Malaya. |b Pusat Kebudayaan, |e degree granting institution. | |
| 900 | |a MZAR-ZA | ||
| 596 | |a 1 | ||
| 999 | |a N7428 UM 2014 BAR |w LC |c 1 |i A516054230 |d 28/11/2016 |e 28/11/2016 |f 11/5/2015 |g 1 |l STACKS |m P01UTAMA |n 1 |r Y |s Y |t TESIS |u 28/4/2015 | ||
